| 000 | 00470cam a2200181ua 4500 | ||
|---|---|---|---|
| 020 | _c15.00 | ||
| 041 |
_aeng _h |
||
| 082 |
_a540 _bWOO/GE |
||
| 100 | _aWood, Jessy Hermon . | ||
| 245 |
_aGeneral college chemistry / _cJesse Hermon Wood. _hTextual Documents |
||
| 260 |
_aCalcutta : _bOxford University Press , _c1957. |
||
| 300 | _a689 ; . | ||
| 365 | _a15.00 | ||
| 504 | _a | ||
| 700 | 1 | _aKeenan, Charles Williams. | |
| 942 | _cBK | ||
| 999 |
_c10732 _d10732 |
||